Minkävärinen vastaus? - Statistics

Yleistilastot
  • Tätä visaa on pelattu 1 392 kertaa
  • Keskiarvotulos 14 / 24
Vastaustilastot
Hint Vastaus % Oikein
Smurffit
84%
Petterin nenänpää
84%
Japanin lipussa
84%
Paavo Pesusieni
79%
Useimpien Pohjoismaiden lipuissa
75%
Puutarhurin peukalo
74%
Hetki tai laulun uni
73%
Nigerian lipussa
69%
Meri Egyptin ja Saudi-Arabian välissä
68%
Yhdysvaltain republikaanit
66%
Kermit
65%
Jasmiinitee tai sencha
60%
7 kirjainta
56%
Jade
54%
Laulun toukokuu
50%
Koboltti
48%
Matto, jolla tähdet kävelevät
48%
Kiinan toiseksi pisin joki Huanghe
47%
Espanjaksi amarillo
46%
Meri Kiinan ja Korean välillä
42%
Islamin symboliväri
30%
Gorgonzola tai roquefort
27%
Sinooperi
23%
Laulun jäänsärkijä
23%
Ehtoja vastaavia visoja ei löytynyt
Tulosjakauma
Jokaisen tuloksen saaneiden osuus
Persentiili vastausten määrän mukaan
Tuloshistoriasi
Et ole pelannut tätä visaa